000 00788nam a2200229Ia 4500
001 9870
003 GE_BSU
008 181216s||||||||xx |||||||||||||| ||und||
040 _cGE_BSU
080 _a821.353.1–32
100 _aნატროშვილი,გიორგი
245 _aიყო ერთხელ ომი
245 _bმოთხრობები
245 _cსარედ. კოლ.გ.გოგიჩაიშვილი. თ.დონჟაშვილი. მ. ლებანიძე
260 _aთბილისი
260 _bმერანი
260 _c1976
300 _a81გვ.1ფ.პორტრ.19სმ.
653 _aიყო ერთხელ ომი
653 _aმოთხრობები
942 _cBK
999 _c43149
_d43149